000 00560cam a2200241ua 4500
020 _c25.00
041 _aeng
_h
082 _a621.2
_bKHU/HY
100 _aKhurmi , R S .
245 _aHydraulic machines /
_cR S Khurumi.
_hTextual Documents
250 _a1 /
_b.
260 _aNew Delhi :
_bS.Chand & Sons ,
_c1991.
300 _a978 ; .
365 _a25.00
504 _a
942 _cBK
999 _c2092
_d2092